<?xml version="1.0" encoding="UTF-8"?>
<record
    xmlns:xsi="http://www.w3.org/2001/XMLSchema-instance"
    xsi:schemaLocation="http://www.loc.gov/MARC21/slim http://www.loc.gov/standards/marcxml/schema/MARC21slim.xsd"
    xmlns="http://www.loc.gov/MARC21/slim">

  <leader>01501nam a2200205 a 4500</leader>
  <controlfield tag="008">161215e2004    ag ||||g |||| 00| f spa d</controlfield>
  <datafield tag="020" ind1=" " ind2=" ">
    <subfield code="a">9789871144129</subfield>
  </datafield>
  <datafield tag="041" ind1=" " ind2=" ">
    <subfield code="a">spa</subfield>
  </datafield>
  <datafield tag="092" ind1=" " ind2=" ">
    <subfield code="c">863</subfield>
    <subfield code="l">7</subfield>
    <subfield code="s">BIO</subfield>
  </datafield>
  <datafield tag="100" ind1="1" ind2=" ">
    <subfield code="a">Bioy Casares, Adolfo</subfield>
    <subfield code="9">3209</subfield>
  </datafield>
  <datafield tag="245" ind1=" " ind2="3">
    <subfield code="a">La invenci&#xF3;n de Morel /</subfield>
    <subfield code="c">Adolfo Bioy Casares</subfield>
  </datafield>
  <datafield tag="250" ind1=" " ind2=" ">
    <subfield code="a">2a ed.</subfield>
  </datafield>
  <datafield tag="260" ind1=" " ind2=" ">
    <subfield code="a">Buenos Aires:</subfield>
    <subfield code="b">Booket;</subfield>
    <subfield code="c">2004.</subfield>
  </datafield>
  <datafield tag="300" ind1=" " ind2=" ">
    <subfield code="a">152 p.</subfield>
    <subfield code="c">18x12 cm.</subfield>
  </datafield>
  <datafield tag="500" ind1=" " ind2=" ">
    <subfield code="a">Bioy Casares, A. (2004). La invenci&#xF3;n de Morel. (2a ed.). Buenos Aires : Booket.</subfield>
  </datafield>
  <datafield tag="505" ind1=" " ind2=" ">
    <subfield code="a">Un fugitivo, acosado por la justicia, llega en un bote de remos a una isla desierta sobre la que se alzan algunas construcciones abandonadas. Pero un d&#xED;a, aquel hombre solitario siente que ya no lo es. En la isla han aparecido otros seres humanos. Los observa, los esp&#xED;a, sigue sus pasos, procura sorprender sus conversaciones. Y de aqu&#xED; arranca el misterio, la continua alternativa entre la alucinaci&#xF3;n y la realidad que conduce poco a poco el fugitivo hasta el estupendo esclarecimiento de todos los enigmas. Este libro tiene el derecho de compararse con las historias m&#xE1;s logradas de Edgar Allan Poe. Su trama ingeniosa, el desarrollo sabiamente dosificado por el autor y, sobre todo, la admirable originalidad de la idea en torno a la cual gira la acci&#xF3;n, han convertido a La Invenci&#xF3;n de Morel en la obra maestra indiscutible de la literatura fant&#xE1;stica argentina. </subfield>
  </datafield>
  <datafield tag="590" ind1=" " ind2=" ">
    <subfield code="a">Proyecto 4to libro. Donaci&#xF3;n Eugenia Paredes</subfield>
  </datafield>
  <datafield tag="655" ind1=" " ind2=" ">
    <subfield code="a">Novela</subfield>
    <subfield code="9">3091</subfield>
  </datafield>
  <datafield tag="942" ind1=" " ind2=" ">
    <subfield code="2">ddc</subfield>
    <subfield code="c">LIT</subfield>
  </datafield>
  <datafield tag="999" ind1=" " ind2=" ">
    <subfield code="c">2366</subfield>
    <subfield code="d">2366</subfield>
  </datafield>
  <datafield tag="952" ind1=" " ind2=" ">
    <subfield code="0">0</subfield>
    <subfield code="1">0</subfield>
    <subfield code="2">ddc</subfield>
    <subfield code="4">0</subfield>
    <subfield code="7">0</subfield>
    <subfield code="8">FIC</subfield>
    <subfield code="a">BFM</subfield>
    <subfield code="b">BFM</subfield>
    <subfield code="c">CR</subfield>
    <subfield code="d">2017-03-02</subfield>
    <subfield code="e">Donacion Eugenia Paredes, Marzo 2017</subfield>
    <subfield code="l">0</subfield>
    <subfield code="o">863 7 BIO</subfield>
    <subfield code="p">3830</subfield>
    <subfield code="r">2017-03-02</subfield>
    <subfield code="t">Ej.1</subfield>
    <subfield code="w">2017-03-02</subfield>
    <subfield code="y">LIT</subfield>
    <subfield code="z">Proyecto 4to libro. Donaci&#xF3;n Paredes, Eugenia</subfield>
  </datafield>
</record>
